100 joueurs meilleur ratio de buts en équipe de France (1994-2024) - Statistiques

Statistiques générales
  • Ce quiz a été pris 111 fois
  • Le résultat moyen est 47 sur 100
Statistiques - réponses
# Joueurs Ratio Buts Matchs P Club phare % Correct
3 Kylian Mbappé 0,55 48 88 A Paris
100%
7 Olivier Giroud 0,42 57 137 A Arsenal
98%
14 Antoine Griezmann 0,32 44 137 A Atletico Madrid
97%
17 Zinedine Zidane 0,29 31 108 M Real Madrid
94%
9 Karim Benzema 0,38 37 97 A Real Madrid
91%
8 Thierry Henry 0,41 51 123 A Arsenal
91%
65 Ousmane Dembele 0,11 6 53 A Barcelone
88%
90 Marcus Thuram 0,07 2 29 A M'Gladbach
87%
35 Alexandre Lacazette 0,19 3 16 A Lyon
81%
5 David Trezeguet 0,48 34 71 A Juventus
81%
60 Paul Pogba 0,12 11 91 M Man U
81%
32 Franck Ribery 0,2 16 81 M Bayern Munich
80%
52 Kingsley Coman 0,14 8 58 A Bayern Munich
77%
26 Djibril Cissé 0,22 9 41 A Marseille
73%
21 Ibrahim Ba 0,25 2 8 M Milan AC
73%
55 Yoann Gourcuff 0,13 4 31 M Lyon
73%
69 Blaise Matuidi 0,11 9 84 M Paris
68%
97 Patrick Vieira 0,06 6 107 M Arsenal
67%
100 Theo Hernandez 0,06 2 36 D Milan AC
67%
62 Adrien Rabiot 0,12 6 50 M Juventus
66%
61 Emmanuel Petit 0,12 6 50 M Monaco
66%
59 Samir Nasri 0,12 5 41 M Arsenal
66%
33 André Pierre Gignac 0,19 7 36 A Marseille
65%
91 Anthony Martial 0,07 2 30 A Man U
65%
2 Jean Pierre Papin 0,6 3 5 A Bayern Munich
64%
71 Benjamin Pavard 0,09 5 55 D Bayern Munich
63%
70 Florian Thauvin 0,1 1 10 M Marseille
63%
10 Youri Djorkaeff 0,34 28 82 M Inter Milan
63%
47 Laurent Blanc 0,15 9 61 D Marseille
62%
67 Eric Cantona 0,11 1 9 A Man U
60%
56 Samuel Umtiti 0,13 4 31 D Barcelone
60%
53 Hatem Ben Arfa 0,13 2 15 M Newcastle
59%
29 Nicolas Anelka 0,2 14 69 A Man City
59%
46 Thomas Lemar 0,15 4 27 M Atletico Madrid
59%
36 Bradley Barcola 0,18 2 11 A Paris
58%
37 Robert Pires 0,18 14 79 M Arsenal
56%
86 Corentin Tolisso 0,07 2 28 M Bayern Munich
54%
78 Nabil Fekir 0,08 2 25 A Lyon
54%
19 Sylvain Wiltord 0,28 26 92 A Arsenal
54%
44 Wissam Ben Yedder 0,16 3 19 A Monaco
54%
45 Mathieu Valbuena 0,15 8 52 M Marseille
53%
15 Randal Kolo Muani 0,3 8 27 A Paris
53%
27 Dimitri Payet 0,21 8 38 M Marseille
52%
94 About Diaby 0,06 1 16 M Arsenal
51%
79 Aurélien Tchouameni 0,08 3 38 M Real Madrid
51%
48 Christophe Dugarry 0,15 8 55 A Bordeaux
51%
74 Yohan Cabaye 0,08 4 48 M Newcastle
51%
28 Sidney Govou 0,2 10 49 A Lyon
49%
22 Bafetimbi Gomis 0,25 3 12 A Lyon
47%
66 Florent Malouda 0,11 9 80 M Chelsea
47%
54 Marvin Martin 0,13 2 15 M Sochaux
47%
85 Stéphane Guivarc'h 0,07 1 14 A Auxerre
47%
87 Dayot Upamecano 0,07 2 28 D Bayern Munich
46%
76 Eduardo Camavinga 0,08 2 24 M Real Madrid
46%
38 Ludovic Giuly 0,18 3 17 M Monaco
46%
25 Kevin Gameiro 0,23 3 13 A Séville
45%
99 Djibril Sidibe 0,06 1 18 D Monaco
41%
77 Frank Leboeuf 0,08 4 50 D Chelsea
41%
43 Warren Zaire Emery 0,17 1 6 M Paris
41%
88 Christopher Nkunku 0,07 1 14 M Leipzig
40%
18 David Ginola 0,29 2 7 A Paris
40%
30 Louis Saha 0,2 4 20 A Man U
40%
75 Jeremy Menez 0,08 2 24 A Paris
38%
63 Youssouf Fofana 0,12 3 25 M Monaco
38%
89 Mamadou Sakho 0,07 2 29 D Liverpool
37%
96 Johan Micoud 0,06 1 17 M Werder
35%
42 Matteo Guendouzi 0,17 2 12 M Marseille
35%
95 William Gallas 0,06 5 84 D Chelsea
35%
93 Christophe Jallet 0,06 1 16 D Lyon
34%
83 Mathieu Debuchy 0,07 2 27 D Lille
34%
23 Jonathan Ikoné 0,25 1 4 A Lille
32%
92 Clément Lenglet 0,07 1 15 D Barcelone
29%
51 Jonathan Clauss 0,14 2 14 D Marseille
29%
24 Loic Remy 0,23 7 30 A Marseille
28%
80 Alain Boghossian 0,08 2 26 M Parme
25%
81 Jérôme Rothen 0,08 1 13 M Paris
25%
13 Olivier Kapo 0,33 3 9 M Auxerre
25%
82 Layvin Kurzawa 0,08 1 13 D Paris
23%
1 Julien Faubert 1 1 1 M Bordeaux
22%
4 Eric Carriere 0,5 5 10 M Lyon
21%
72 Kurt Zouma 0,09 1 11 D Chelsea
21%
6 Lilian Laslandes 0,43 3 7 A Bordeaux
19%
41 Peguy Luyindula 0,17 1 6 A Marseille
18%
16 Patrice Loko 0,29 7 24 A Paris
16%
50 Étienne Capoue 0,14 1 7 M Toulouse
15%
34 Reynald Pedros 0,19 4 21 M Nantes
15%
73 Sabri Lamouchi 0,08 1 12 M Auxerre
15%
20 Steve Marlet 0,26 6 23 A Fulham
14%
58 Tony Vairelles 0,13 1 8 A Lens
14%
31 Younes Kaboul 0,2 1 5 D Tottenham
14%
57 Pierre Laigle 0,13 1 8 D Sampdoria
12%
64 Vincent Guérin 0,12 2 17 M Paris
12%
49 Nicolas Ouédec 0,14 1 7 A Nantes
11%
68 Laurent Robert 0,11 1 9 M Paris
10%
39 Marc Keller 0,17 1 6 M Karlsruher
10%
98 Vikash Dhorasoo 0,06 1 18 M Lyon
10%
40 Florian Maurice 0,17 1 6 A Lyon
7%
12 Mickael Madar 0,33 1 3 A Monaco
7%
11 Christophe Cocard 0,33 1 3 A Auxerre
6%
84 Corentin Martins 0,07 1 14 M Auxerre
6%
Aucun quiz correspondant
Distribution des résultats
% des personnes avec chaque résultat
Percentile par nombre de réponses
Votre historique - résultats
Vous n’avez pas pris ce quiz